Paris, Flaubert, "La antígona" de Sófocles, Victor Hugo, Lemaitre etc / (Record no. 58763)

MARC details
000 -LEADER
campo de control de longitud fija 00632nam a2200181 i 4500
001 - NÚMERO DE CONTROL
campo de control 58763
003 - IDENTIFICADOR DE NÚMERO DE CONTROL
campo de control ES-MaACL
005 - FECHA Y HORA DE LA ÚLTIMA TRANSACCIÓN
campo de control 20240518063031.0
007 - CAMPO FIJO DE DESCRIPCIÓN FÍSICA--INFORMACIÓN GENERAL
campo de control de longitud fija t|
008 - DATOS DE LONGITUD FIJA--INFORMACIÓN GENERAL
campo de control de longitud fija 031024s1918 sp ||||1| spa d
100 1# - ENTRADA PRINCIPAL--NOMBRE DE PERSONA
Nombre de persona Queirós, Eça de,
Fechas asociadas al nombre 1845-1900
9 (RLIN) 94499
245 10 - MENCIÓN DEL TÍTULO
Título Paris, Flaubert, "La antígona" de Sófocles, Victor Hugo, Lemaitre etc /
Mención de responsabilidad, etc. José María Eça de Queiroz ; traducción de Andrés González Blanco.
260 ## - PUBLICACIÓN, DISTRIBUCIÓN, ETC.
Lugar de publicación, distribución, etc. Madrid :
Nombre del editor, distribuidor, etc. José Poveda,
Fecha de publicación, distribución, etc. 1918.
300 ## - DESCRIPCIÓN FÍSICA
Extensión VIII, 296 p. ;
Dimensiones 17 cm.
700 1# - ENTRADA AGREGADA--NOMBRE PERSONAL
Nombre de persona González-Blanco, Andrés,
Fechas asociadas al nombre 1886-1924
9 (RLIN) 58459
852 ## - LOCALIZACIÓN
Ubicación ES-MaACL
Número de control de estantería F-5350
Holdings
Estatus retirado Estado de pérdida Estado de daño No para préstamo Biblioteca de origen Biblioteca actual Ubicación en estantería Fecha de adquisición Fuente de adquisición Total de préstamos Signatura topográfica completa Código de barras Visto por última vez Precio de reemplazo Tipo de ítem Koha
        Biblioteca del Ateneo de Madrid Biblioteca del Ateneo de Madrid Depósito 2 17/01/2008     F-5350 1061648 23/02/2023 23/02/2023 Libro impreso